Sports Quiz

Random Sports Quiz
Score 0/20 Timer 10:00
1 Play Today
Equipe Moyenne d'âge % Correct
Nîmes25
100%
Amiens SC27
100%
LOSC24
98.6%
AS Monaco25,6
80.8%
Strasbourg25,6
80.8%
FC Metz25,6
80.8%
Rennes25,3
79.5%
OL24,5
79.5%
Montpellier28,2
79.5%
FC Nantes25,2
79.5%
Equipe Moyenne d'âge % Correct
Brest25,9
79.5%
OM26,9
78.1%
OGC Nice23,6
78.1%
Angers SCO27,8
78.1%
Bordeaux26,8
78.1%
Toulouse FC24,8
78.1%
Paris SG27,1
76.7%
Reims25,1
76.7%
Dijon FCO26,6
75.3%
ASSE26,7
75.3%
Remove Ads.
Support Sporcle.
Get the best of Sporcle when you Go Orange. This ad-free experience offers more features, more stats, and more fun while also helping to support Sporcle. Thank you for becoming a member.

You're not logged in!

Compare scores with friends on all Sporcle quizzes.
OR
Log In

Sporcle TV

Today on Sporcle TV


Watch our educational content, quiz creation guides, and fun videos on Sporcle TV.

Show Comments

Extras

Created May 11, 2020ReportNominate
Tags:Equipe, ligue, Ligue 1

Top Quizzes Today


Score Distribution

Paid Content

Your Account Isn't Verified!

In order to create a playlist on Sporcle, you need to verify the email address you used during registration. Go to your Sporcle Settings to finish the process.

Report this User

Report this user for behavior that violates our Community Guidelines.

Details: